[Event "AUTO-BEG-296"]
[Site "http://www.queenalice.com/game.php?id=548207"]
[Date "2009.2.28"]
[Round "1"]
[White "Slon"]
[Black "schachmattorwieorwatt"]
[Result "1-0"]
[WhiteElo "1270"]
[BlackElo "1392"]

1. d4 d5 2. c4 Nf6 3. cxd5 Nxd5 4. e4 Nb4 5. a3 N4c6 6. Be3 e5 7. d5 Na5 8. b4
Nc4 9. Bxc4 Bd6 10. Nf3 Bg4 11. Nbd2 O-O 12. O-O Qd7 13. Qc2 a6 14. h3 Bxf3 15.
Nxf3 Qe7 16. Rac1 Nd7 17. Ba2 Rfc8 18. Rfd1 Nf6 19. Nd2 Qe8 20. Nc4 h6 21. Nxd6
cxd6 22. Qb1 g5 23. Rxc8 Rxc8 24. f3 b5 25. Rc1 Rxc1+ 26. Qxc1 Nh5 27. Qc6 Qb8
28. Qxa6 Ng3 29. Kf2 Nh5 30. Qb6 Qxb6 31. Bxb6 Nf6 32. Bb3 Nd7 33. Bc7 Kg7 34.
Bxd6 f6 35. a4 bxa4 36. Bxa4 Nb6 37. Bc6 Nc4 38. Bc5 1-0

[Event "AUTO-BEG-296"]
[Site "http://www.queenalice.com/game.php?id=548208"]
[Date "2009.2.28"]
[Round "1"]
[White "schachmattorwieorwatt"]
[Black "Slon"]
[Result "0-1"]
[WhiteElo "1563"]
[BlackElo "1352"]

1. d4 Nf6 2. Nc3 d5 3. Bg5 Nbd7 4. f3 h6 5. Bf4 c5 6. Nb5 Qa5+ 7. c3 Qxb5 8. Nh3
Qxb2 9. Bd2 cxd4 10. cxd4 Qxd4 11. a4 e5 12. e3 Qb6 13. Qb1 Qxb1+ 14. Rxb1 Nb6
15. a5 Nc4 16. Bc3 Bd6 17. Bxc4 dxc4 18. Bb4 Bxb4+ 19. Rxb4 c3 20. Rc4 Nd5 21.
Ke2 Bxh3 22. gxh3 f5 23. e4 fxe4 24. fxe4 Nf4+ 25. Ke3 Nxh3 26. Rxc3 Rd8 27. Rc7
Rd7 28. Rxd7 Kxd7 29. Rb1 Rb8 30. Rb5 b6 31. a6 Kc6 32. Rxe5 g5 33. Kf3 Rf8+ 34.
Kg3 Nf4 35. Kg4 Ng6 36. Re6+ Kb5 37. Rxg6 Rf4+ 38. Kg3 Rxe4 39. Rxh6 Kxa6 40.
Rg6 Kb7 41. Rxg5 a5 42. Kf3 Rd4 43. Ke3 Rh4 44. Rg2 b5 45. Kd2 b4 46. Kc2 a4 47.
Kb2 Rh3 48. Rf2 a3+ 49. Kb1 Kb6 50. Re2 Kb5 51. Ka2 Ka4 52. Rd2 b3+ 53. Kb1 b2
54. Ka2 Kb4 55. Rc2 Rc3 56. Rxc3 Kxc3 57. h3 Kc2 0-1

[Event "AUTO-BEG-296"]
[Site "http://www.queenalice.com/game.php?id=548209"]
[Date "2009.2.28"]
[Round "1"]
[White "Slon"]
[Black "jaquepc"]
[Result "0-1"]
[WhiteElo "1352"]
[BlackElo "1160"]

1. e4 c5 2. Nc3 Nc6 3. Nge2 g6 4. d4 cxd4 5. Nxd4 Bg7 6. Be3 d6 7. Qd2 a6 8.
O-O-O Qc7 9. f3 b5 10. Nb3 Be6 11. Kb1 Nf6 12. Bh6 Bxh6 13. Qxh6 Ne5 0-1

[Event "AUTO-BEG-296"]
[Site "http://www.queenalice.com/game.php?id=548210"]
[Date "2009.2.28"]
[Round "1"]
[White "jaquepc"]
[Black "Slon"]
[Result "1-0"]
[WhiteElo "1254"]
[BlackElo "1372"]

1. e4 e5 2. Nf3 Nf6 3. Nc3 Nc6 4. d4 exd4 5. Nxd4 Bb4 6. Nxc6 bxc6 7. Bd3 d5 8.
exd5 cxd5 9. O-O O-O 10. Qf3 Bxc3 11. bxc3 Re8 12. Bg5 Re6 13. Rfe1 Rxe1+ 14.
Rxe1 Bg4 15. Bxf6 Bxf3 16. Bxd8 Rxd8 17. gxf3 1-0

[Event "AUTO-INT-1226"]
[Site "http://www.queenalice.com/game.php?id=549614"]
[Date "2009.3.3"]
[Round "1"]
[White "Slon"]
[Black "jumping"]
[Result "0-1"]
[WhiteElo "1257"]
[BlackElo "1645"]

1. b4 e5 2. Bb2 e4 3. d3 Nf6 4. b5 exd3 5. exd3 d5 6. Nf3 Bg4 7. Be2 c6 8. a4
Bc5 9. h3 Bxf3 10. Bxf3 O-O 11. O-O cxb5 12. axb5 Nbd7 13. Re1 Re8 14. c4 Nb6
15. Qc2 Rxe1+ 0-1

[Event "AUTO-INT-1226"]
[Site "http://www.queenalice.com/game.php?id=549615"]
[Date "2009.3.3"]
[Round "1"]
[White "jumping"]
[Black "Slon"]
[Result "1-0"]
[WhiteElo "1682"]
[BlackElo "1376"]

1. d4 Nf6 2. Nc3 d5 3. Bg5 Nbd7 4. g3 h6 5. Bxf6 Nxf6 6. Bg2 Bf5 7. e3 c5 8.
dxc5 e5 9. Bxd5 Nxd5 10. Qxd5 Qc7 11. Nf3 f6 12. Nb5 Qa5+ 13. Nc3 Bxc2 14. Qxb7
Rd8 15. O-O Bxc5 16. Qc6+ Kf8 17. a3 Qb6 18. Qxb6 Bxb6 19. Nh4 g5 20. Nf3 1-0

[Event "AUTO-INT-1226"]
[Site "http://www.queenalice.com/game.php?id=549616"]
[Date "2009.3.3"]
[Round "1"]
[White "Slon"]
[Black "bingchess"]
[Result "1-0"]
[WhiteElo "1428"]
[BlackElo "1525"]

1. d4 d5 2. c4 e6 3. Nc3 Nf6 4. Bg5 Bb4 5. Nf3 O-O 6. Qc2 dxc4 7. e4 Bxc3+ 8.
bxc3 b5 9. a4 h6 10. Bxf6 Qxf6 11. axb5 1-0

[Event "AUTO-INT-1226"]
[Site "http://www.queenalice.com/game.php?id=549617"]
[Date "2009.3.3"]
[Round "1"]
[White "bingchess"]
[Black "Slon"]
[Result "0-1"]
[WhiteElo "1547"]
[BlackElo "1406"]

1. d4 Nf6 2. Nf3 d5 3. Nc3 g6 4. Bg5 Bg7 5. e3 O-O 6. Bd3 Nbd7 7. O-O h6 8. Bxf6
Nxf6 9. h3 Re8 10. Re1 b6 11. e4 dxe4 12. Bxe4 Nxe4 13. Rxe4 Bb7 0-1

[Event "AUTO-INT-1226"]
[Site "http://www.queenalice.com/game.php?id=549618"]
[Date "2009.3.3"]
[Round "1"]
[White "Slon"]
[Black "Jhones"]
[Result "0-1"]
[WhiteElo "1384"]
[BlackElo "1643"]

1. d4 Nf6 2. c4 e6 3. Nc3 Bb4 4. Nf3 d5 5. Qc2 c5 6. e3 Ne4 7. Bd2 cxd4 8. exd4
O-O 9. a3 Qa5 10. Nxe4 dxe4 11. Qxe4 Nc6 12. Bxb4 Nxb4 13. Nd2 f5 14. Qe3 Nc2+
15. Kd1 Nxa1 16. Kc1 Bd7 17. b4 Qa4 18. Qc3 Rac8 19. Qxa1 b6 20. Kb1 Qd1+ 0-1

[Event "AUTO-INT-1226"]
[Site "http://www.queenalice.com/game.php?id=549619"]
[Date "2009.3.3"]
[Round "1"]
[White "Jhones"]
[Black "Slon"]
[Result "0-1"]
[WhiteElo "1666"]
[BlackElo "1379"]

1. e4 d6 2. d4 Nf6 3. Nc3 c6 4. Bf4 Qb6 5. b3 Nbd7 6. e5 dxe5 7. dxe5 Qb4 8.
exf6 Qxc3+ 9. Bd2 Qxf6 10. Nf3 Ne5 11. Bc3 Nxf3+ 12. gxf3 Qxc3+ 13. Ke2 g6 14.
Bg2 Bf5 15. Re1 Qxc2+ 16. Kf1 Qxd1 17. Rexd1 Bg7 18. Rac1 O-O 19. a4 Rad8 20. b4
Rxd1+ 21. Rxd1 Bc3 22. b5 cxb5 23. Rc1 Bg7 24. axb5 Bd3+ 25. Ke1 Bxb5 26. f4 Ba6
27. Rc7 Rb8 28. Rxe7 Rd8 29. h4 Bc3# 0-1

[Event "Let's Play Chess!"]
[Site "http://www.queenalice.com/game.php?id=599401"]
[Date "2009.6.6"]
[Round "-"]
[White "agargent"]
[Black "Slon"]
[Result "1-0"]
[WhiteElo "1430"]
[BlackElo "1448"]

1. d4 Nf6 2. c4 e6 3. Nc3 c5 4. Nf3 g6 5. e4 cxd4 6. Nxd4 d6 7. Bd3 Bg7 8. Be3
O-O 9. O-O Nc6 10. a3 a5 11. h3 Bd7 12. Re1 d5 13. Nxc6 Bxc6 14. Bg5 dxc4 15.
Bxc4 Qc7 16. Bb3 b5 17. e5 Nd7 18. Qd6 1-0

[Event "AUTO-BEG-293"]
[Site "http://www.queenalice.com/game.php?id=603706"]
[Date "2009.6.15"]
[Round "2"]
[White "Barrettto"]
[Black "Slon"]
[Result "0-1"]
[WhiteElo "1535"]
[BlackElo "1486"]

1. e4 e5 2. Qh5 Nc6 3. Qd1 Nf6 4. Nf3 Bc5 5. c3 Qe7 6. b4 Bb6 7. a4 a6 8. a5 Ba7
9. Ba3 d6 10. Qc2 Be6 11. h4 O-O 12. Qd1 Rad8 13. h5 Nxe4 14. Rh4 Nxf2 15. Qc2
e4 16. d4 exf3 17. Qxf2 fxg2 18. Bxg2 Ne5 19. Be4 f5 20. Bc2 Ng4 21. Qg3 f4 22.
Qh3 Ne3 23. Bxh7+ Kxh7 24. Qh1 Nc2+ 25. Kf2 Bd5 26. Qh3 Qe1# 0-1

[Event "AUTO-BEG-293"]
[Site "http://www.queenalice.com/game.php?id=603707"]
[Date "2009.6.15"]
[Round "2"]
[White "Slon"]
[Black "Barrettto"]
[Result "1-0"]
[WhiteElo "1466"]
[BlackElo "1555"]

1. b4 d6 2. Bb2 f6 3. e4 e6 4. d4 Nc6 5. b5 Nb8 6. Nf3 a6 7. a4 a5 8. Bd3 c5 9.
e5 f5 10. exd6 Bxd6 11. dxc5 Bxc5 12. Bxg7 Qb6 13. O-O Nh6 14. Bxh8 Ng4 15. Qe2
Bxf2+ 16. Rxf2 Nxf2 17. Qxf2 Qd8 18. Qh4 Qb6+ 19. Qd4 Qc7 20. Qg7 Qb6+ 21. Kf1
Bd7 22. Ne5 Bc8 23. Qf7+ Kd8 24. Bf6# 1-0

[Event "Błażej Błażko"]
[Site "http://www.queenalice.com/game.php?id=622555"]
[Date "2009.7.21"]
[Round "-"]
[White "Kike"]
[Black "Slon"]
[Result "1-0"]
[WhiteElo "1334"]
[BlackElo "1504"]

1. d4 Nf6 2. Nc3 c5 3. Nf3 d5 4. e3 Nc6 5. Be2 Bg4 6. O-O e6 7. a4 Bd6 8. b3 O-O
9. Ba3 cxd4 10. exd4 Bxa3 11. Rxa3 Qa5 12. Qd2 Qb4 13. Ra2 Bxf3 14. Bxf3 Qxd4
15. Qxd4 Nxd4 16. h3 Nxf3+ 17. gxf3 d4 18. Ne4 Nxe4 19. fxe4 Rac8 20. Kg2 Rfd8
21. f3 d3 22. cxd3 Rxd3 23. b4 Rcc3 24. b5 Ra3 25. Rc2 Kf8 26. Rc8+ Ke7 27. Rc7+
Kd6 28. Rfc1 Ra2+ 29. Kg3 Rxa4 30. Rxb7 Rxe4 31. Rc6+ Kd5 32. Rd7+ Ke5 33. Rxd3
1-0

[Event "AUTO-OPEN-1687"]
[Site "http://www.queenalice.com/game.php?id=650852"]
[Date "2009.9.12"]
[Round "1"]
[White "arrabi"]
[Black "Slon"]
[Result "1-0"]
[WhiteElo "2104"]
[BlackElo "1481"]

1. e4 c5 2. Bc4 Nf6 3. d3 d5 4. exd5 Nxd5 5. c3 Nb6 6. h3 Nxc4 7. Qa4+ Nc6 8.
Qxc4 e5 9. Nf3 Be6 10. Qb5 Qc7 11. O-O a6 12. Qa4 b5 13. Qc2 Be7 14. Bg5 f6 15.
Bh4 O-O 16. Nbd2 Rfd8 17. Ne4 Rac8 18. Nh2 c4 19. dxc4 Bxc4 20. Rfd1 Qa5 21. b3
Bd5 22. a4 1-0

[Event "AUTO-OPEN-1687"]
[Site "http://www.queenalice.com/game.php?id=650853"]
[Date "2009.9.12"]
[Round "1"]
[White "Slon"]
[Black "arrabi"]
[Result "0-1"]
[WhiteElo "1473"]
[BlackElo "2110"]

1. d4 d5 2. c4 Nf6 3. cxd5 Qxd5 4. Nc3 Qd8 5. e4 e6 6. Bg5 Be7 7. Nf3 O-O 8. Bc4
h6 9. Bh4 c6 10. a4 Nd5 11. Bxe7 Nxe7 12. O-O a6 13. Qe2 b5 14. axb5 a5 15. bxc6
Nbxc6 16. d5 exd5 17. exd5 Nb4 18. Rad1 Nf5 19. Rfe1 Bb7 20. d6 Nxd6 21. Nb5 Ra6
22. Nc7 Qxc7 23. Bxa6 Bxa6 0-1

[Event "AUTO-OPEN-1687"]
[Site "http://www.queenalice.com/game.php?id=650872"]
[Date "2009.9.12"]
[Round "1"]
[White "Pato"]
[Black "Slon"]
[Result "1-0"]
[WhiteElo "2081"]
[BlackElo "1479"]

1. e4 c6 2. d4 d5 3. Nc3 dxe4 4. Nxe4 Nd7 5. Nf3 Ngf6 6. Neg5 h6 7. Nh3 Nb6 8.
Nf4 Bf5 9. Bd3 Bxd3 10. Nxd3 e6 11. O-O Be7 12. b3 O-O 13. c4 Rc8 14. Bb2 Nbd7
15. Qe2 c5 16. Rad1 cxd4 17. Nxd4 Bc5 18. Nxc5 Rxc5 19. Ba3 Re5 20. Qd2 Re8 21.
Nb5 Ne4 22. Qf4 1-0

[Event "AUTO-OPEN-1687"]
[Site "http://www.queenalice.com/game.php?id=650873"]
[Date "2009.9.12"]
[Round "1"]
[White "Slon"]
[Black "Pato"]
[Result "0-1"]
[WhiteElo "1471"]
[BlackElo "2083"]

1. b4 a5 2. b5 c5 3. Bb2 d5 4. Nf3 f6 5. e3 e5 6. c4 d4 7. exd4 cxd4 8. Nxe5
fxe5 9. Qh5+ g6 10. Qxe5+ Qe7 11. Qxe7+ Bxe7 12. Bxd4 Bf6 13. Bxf6 Nxf6 14. c5
O-O 15. Bc4+ Kg7 16. O-O Bf5 17. Nc3 Rd8 18. Rad1 Rd4 19. Bb3 Nbd7 20. c6 bxc6
21. bxc6 Nc5 22. Nb5 Nxb3 23. axb3 Rb4 24. Nd6 Rxb3 25. Nxf5+ gxf5 26. Rc1 Rc8
0-1

[Event "AUTO-OPEN-1687"]
[Site "http://www.queenalice.com/game.php?id=650884"]
[Date "2009.9.12"]
[Round "1"]
[White "Slon"]
[Black "flopp"]
[Result "0-1"]
[WhiteElo "1475"]
[BlackElo "1907"]

1. b3 e5 2. Bb2 Nc6 3. e3 f6 4. Nf3 b6 5. Bc4 Bb7 6. O-O Nge7 7. Nc3 Na5 8. d4
Nxc4 9. bxc4 e4 10. Nd2 f5 11. Rb1 d6 12. Ba3 g5 13. c5 dxc5 14. dxc5 Nd5 15.
Nb5 Ba6 16. c4 Bxb5 17. cxb5 Bxc5 18. Bxc5 bxc5 19. Qh5+ Kf8 20. Nc4 Qf6 21.
Rbc1 Rb8 22. Rfd1 Nb4 23. Rd7 Nd3 24. Rd1 Rc8 25. a4 Rd8 0-1

[Event "AUTO-OPEN-1687"]
[Site "http://www.queenalice.com/game.php?id=650885"]
[Date "2009.9.12"]
[Round "1"]
[White "flopp"]
[Black "Slon"]
[Result "1-0"]
[WhiteElo "1905"]
[BlackElo "1477"]

1. e4 e6 2. d4 d5 3. Nd2 c5 4. c3 Nc6 5. Ngf3 cxd4 6. Nxd4 Nxd4 7. cxd4 dxe4 8.
Nxe4 Bb4+ 9. Nc3 Qa5 10. Bd2 Nf6 11. a3 Bxc3 12. bxc3 Ne4 13. Bd3 Nxd2 14. Qxd2
O-O 15. O-O Bd7 16. Qe3 Rac8 17. Rfc1 Rc7 18. Qh3 h6 19. c4 e5 20. Qe3 exd4 21.
Qxd4 b5 22. cxb5 Rxc1+ 23. Rxc1 Bxb5 24. Bxb5 Qxb5 25. Qxa7 Qb2 26. Rf1 Rc8 27.
h3 Rc3 28. a4 Ra3 29. a5 1-0